000 00731nam a22002417a 4500
003 OSt
005 20220924113705.0
006 a|||||r|||| 00| 0
007 ta
008 Pun
024 _a242989
037 _cGeneral Books
040 _aARTS
_cARTS
_bPun
041 _2Pun
_aPun
082 _aO153:g, K4
100 _aਸਾਹਿੱਤ ਸਮਾਜਾਰ, ਥਦ।
_9170390
245 0 _aਸਾਹਿਤ ਵਿਵੇਚਨ ਅੰਕ
260 _aਲੁਧਿਆਣਾ
_b ਲਾਹੈਰ ਬੁਕ Fਾਪ
_c1964
300 _a203ਪੰ
650 _aਪੰਜਾਬੀ ਸਾਹਿਤ
942 _hO153:g, K4
_cGB
_2CC
999 _c390471
_d390471